000
00339nam a2200133Ia 4500
008
100328s9999 xx 000 0 und d
082
_b
33210
100
_a
राहुल
245
_a
फरार
260
_b
डायमंड पॉकेट बुक्स
630
_a
फरार
730
_a
फरार
942
_c
BOOK
999
_c
523749
_d
523746